| 000 | 01300cam a2200337 i 4500 | ||
|---|---|---|---|
| 001 | 42077 | ||
| 003 | Mx-PuUPA | ||
| 005 | 20220929132048.0 | ||
| 008 | 140415s2007 nyua gr 000 0 eng d | ||
| 020 |
_a080271529X _qrústica |
||
| 020 | _a9780802715296 | ||
| 040 |
_aMx-PuUPA _bspa _cMx-PuUPA _dMx-PuUPA _erda |
||
| 041 | 0 | _aeng | |
| 100 | 1 |
_aSobel, Dava, _d1947- _911098 _eautor |
|
| 245 | 1 | 0 |
_aLongitude : _bthe true story of a lone genius who solved the greatest scientific problem of his time / _cDava Sobel ; with a foreword by Neil Armstrong |
| 264 |
_aNew York : _bWalker Publishing Company, _c©2005 |
||
| 300 |
_axiv, 184 páginas, 8 páginas de láminas sin numerar : _bilustraciones ; _c19 cm |
||
| 336 |
_2rdacontent _atexto _btxt |
||
| 336 |
_2rdacontent _aimagen fija _bsti |
||
| 337 |
_2rdamedia _asin medio _bn |
||
| 338 |
_2rdacarrier _avolumen _bnc |
||
| 600 | 4 |
_aHarrison John, _d1693-1776 |
|
| 650 | 7 |
_2armarc _aLongitud _xMedida _xHistoria |
|
| 650 | 7 |
_2armarc _aRelojeros _zGran Bretaña _vBiografía |
|
| 650 | 7 |
_2armarc _aCronometros _xHistoria |
|
| 700 | 1 |
_aArmstrong, Neil, _eprologuista |
|
| 942 |
_2ddc _cLI _h526.6209 _iS677 |
||
| 999 |
_c42077 _d42077 |
||